| 000 | 01437nam0a22003851 4500 | ||
|---|---|---|---|
| 001 | RU\NLR\BIBL_A\022621151 | ||
| 005 | 20251127113539.0 | ||
| 010 |
_a978-5-6050809-9-2 _92000 |
||
| 021 |
_aRU _bКН-П-25-043763 _9КН-П-25-4260 |
||
| 035 | _a(NLR Aleph) 022621151 | ||
| 090 |
_a13471792 _c13471792 |
||
| 100 | _a20250915d2025 u y0rusy50 ca | ||
| 101 | 0 | _arus | |
| 102 | _aRU | ||
| 105 | _aа w 000аy | ||
| 181 | 0 |
_ai _baxxe |
|
| 182 | 0 | _an | |
| 200 | 1 |
_aАбдуллах бин Аббас радыяллаху 'анху _fГульнах Ситдикова |
|
| 203 |
_aТекст _bвизуальный _cнепосредственный |
||
| 210 |
_aКазань _cХузур - Спокойствие _d2025 |
||
| 215 |
_a32 с. _cцв. ил. _d30 |
||
| 225 | 1 | _aСерия "Маленькие сподвижники" | |
| 300 | _aОписано по обл. | ||
| 600 | 0 |
_aАбдуллах ибн Аббас _f619 - 686 _jИздания для детей _2nlr_sh2 _3RU\NLR\AUTH\6601760985 |
|
| 686 | 0 |
_aШ9 _bЭ |
|
| 700 | 1 |
_aСитдикова _bГ. _gГульнах |
|
| 702 | 0 |
_aАбдуллах ибн Аббас _f619-686 _3RU\NLR\AUTH\770284690 _4570 |
|
| 852 |
_aNLR _bОЛСАА-сл-спр _j5-589 |
||
| 942 | _cBOOK | ||
| 980 | 1 | _aSL_SPR | |
| 980 | _aNB | ||